[Event "Master"]
[Site "Sao Paulo/Bilbao"]
[Date "27.09.2011"]
[Round "2"]
[White "Carlsen,M"]
[Black "Aronian,L"]
[Result "1/2-1/2"]
[WhiteElo "2823"]
[BlackElo "2807"]
[EventDate "2011.09.26"]

1. e4 e5 2. Nf3 Nc6 3. Bb5 a6 4. Ba4 Nf6 5. O-O Be7 6. d3 d6 7. c3 O-O 8.
Nbd2 b5 9. Bc2 d5 10. Re1 dxe4 11. dxe4 Be6 12. h3 Nd7 13. Nf1 Nc5 14. Ne3
Qxd1 15. Rxd1 f6 16. Nd5 Bd6 17. Be3 Nb7 18. b4 Ne7 19. a4 c6 20. Nb6 Rab8
21. Nd2 c5 22. axb5 axb5 23. c4 cxb4 24. cxb5 Bc5 25. Bb3 Bxb3 26. Nxb3
Bxe3 27. fxe3 Na5 28. Rxa5 Rxb6 29. Rd7 Nc8 30. Nc5 h5 31. Rd3 Re8 32. Na4
Rb8 33. Rb3 Nb6 34. Rxb4 Rec8 35. Nxb6 Rxb6 36. Ra6 Rc1+ 37. Kf2 Rc2+ 38.
Kg3 Rxa6 39. bxa6 Ra2 40. Rb6 Kf7 41. Rb7+ Kg6 42. a7 Kh6 43. Kh2 g6 44.
Kg1 Kg5 45. Rh7 f5 46. g3 Kf6 47. Kf1 fxe4 48. Ke1 Ke6 49. Rg7 Kd5 50. g4
hxg4 51. hxg4 Kc4 52. Rd7 g5 53. Kd1 Kc3 54. Ke1 Kc4 55. Kd1 Kc3 56. Ke1
1/2-1/2